000 00263nam a22001217a 4500
082 _a603 CRI'D
100 _aCRISPIN, F.S
_978327
245 _aDICTIONARY OF TECHNICAL TERMS
250 _a11TH
260 _aNEWYORK
_bBRUCE
_c1970
300 _a455P
942 _cBK
999 _c583469
_d583469